| 000 | 01404nam a2200361 c 4500 | ||
|---|---|---|---|
| 999 |
_c178936 _d178936 |
||
| 003 | BLK | ||
| 005 | 20240927150704.0 | ||
| 008 | 180411b bul|||||r ||||||| ||bul|| | ||
| 010 | _aKNG00187696000 | ||
| 020 | _a9789542908517 | ||
| 040 | _aBLK | ||
| 041 |
_aBUL _cBUL |
||
| 072 | 7 |
_2bullib _aН83 _xЧужда художествена литература Н |
|
| 080 |
_aНемска литература _b821.112.2 _x-311.6 _z821.112.2-311.6 |
||
| 100 | 1 |
_aДюбел, Рихард _eпърви автор _966124 |
|
| 139 |
_aДюбел, Рихард _bД 97 |
||
| 245 | 1 | 0 |
_aДверите на вечността _bИст. роман _cРихард Дюбел; прев. Петя Пешева. |
| 257 | _aDEU | ||
| 260 |
_bАртлайн Студиос _c2014 _aСофия |
||
| 300 |
_a728 с. _c24 см |
||
| 380 | _aX | ||
| 500 | _aОриг. загл. Die Pforten der Ewigkeit / Richard Dubell. - Съдържа и за авт. | ||
| 653 | _aисторически романи | ||
| 659 | _aН | ||
| 700 |
_aПешева, Петя Димитрова _d1953 - _qПешева-Тошева, Петя Димитрова _9246479 |
||
| 852 | _aЦб 280398 | ||
| 856 | 4 | _qpdf | |
| 856 | 4 | _qpdf | |
| 942 |
_cKNG _n0 _07 _s1 |
||
| 944 |
_aCR _c15.04.2016 _lГеновева Генчева _k30560 |
||
| 944 |
_aED _c07.02.2017 _lф / _kВиолета_Тройчева |
||
| 999 | _d178936 | ||